MLB 2026 Projected Lineups - Statistics

General Stats
  • This quiz has been taken 537 times
    262 since last reset
  • The average score is 190 of 420
Answer Stats
Team Pos Player % Correct
NYY RF Aaron Judge
91%
CLE DH David Fry
90%
NYY 1B Ben Rice
89%
NYY SS Anthony Volpe
87%
NYY 2B Jazz Chisholm Jr.
87%
NYY SP Max Fried
87%
NYY C Austin Wells
85%
MIN 1B Josh Bell
84%
NYY DH Giancarlo Stanton
82%
NYY LF Cody Bellinger
80%
NYY CF Trent Grisham
79%
BOS SP Garrett Crochet
77%
TOR 1B Vladimir Guerrero Jr.
77%
NYY SP Carlos Rodon
76%
NYY SP Luis Gil
76%
NYY 3B Ryan McMahon
76%
BOS SP Ranger Suarez
74%
HOU RF Cam Smith
73%
TEX 2B Josh Smith
73%
ARI DH Pavin Smith
73%
BAL 1B Pete Alonso
73%
CHW SP Shane Smith
73%
LAD C Will Smith
73%
SEA SP Bryan Woo
72%
MIA C Agustin Ramirez
71%
BAL SS Gunnar Henderson
71%
BOS LF Jarren Duran
71%
CLE 3B Jose Ramirez
71%
BOS SS Trevor Story
71%
ARI SP Eduardo Rodriguez
70%
LAA SP Grayson Rodriguez
70%
SEA CF Julio Rodriguez
70%
ATL RF Ronald Acuna Jr.
69%
BOS 1B Willson Contreras
69%
MIA SP Eury Perez
68%
NYM SS Francisco Lindor
68%
BOS DH Roman Anthony
68%
KC DH Salvador Perez
68%
LAD DH | SP Shohei Ohtani
68%
DET SP Tarik Skubal
68%
DET RF Wenceel Perez
68%
KC SS Bobby Witt Jr.
67%
SEA C Cal Raleigh
67%
WAS LF James Wood
67%
LAD SS Mookie Betts
67%
HOU LF Yordan Alvarez
67%
TOR C Alejandro Kirk
66%
NYM DH Bo Bichette
66%
CIN SS Elly De La Cruz
66%
NYM C Francisco Alvarez
66%
LAD 1B Freddie Freeman
66%
BAL 2B Jackson Holliday
66%
ATL 1B Matt Olson
66%
LAD | OAK 3B Max Muncy
66%
HOU C Yainer Diaz
66%
TB DH Yandy Diaz
66%
BAL C Adley Rutschman
65%
CHC 3B Alex Bregman
65%
CLE C Bo Naylor
65%
NYY SP Cam Schlittler
65%
TOR DH George Springer
65%
SEA 1B Josh Naylor
65%
LAA RF Mike Trout
65%
DET SP Reese Olson
65%
DET LF Riley Greene
65%
ATL 3B Austin Riley
64%
TOR SP Dylan Cease
64%
CIN SP Hunter Greene
64%
LAD RF Kyle Tucker
64%
SF DH Rafael Devers
64%
LAD LF Teoscar Hernandez
64%
MIL C William Contreras
64%
PHI RF Adolis Garcia
63%
PHI 1B Bryce Harper
63%
HOU 2B Jose Altuve
63%
SEA SS J.P. Crawford
63%
TB 3B Junior Caminero
63%
WAS 2B Luis Garcia Jr.
63%
KC 3B Maikel Garcia
63%
SD 3B Manny Machado
63%
NYM 2B Marcus Semien
63%
OAK 1B Nick Kurtz
63%
ATL 2B Ozzie Albies
63%
DET 1B Spencer Torkelson
63%
BOS RF Wilyer Abreu
63%
LAD CF Andy Pages
62%
MIN CF Byron Buxton
62%
BOS CF Ceddanne Rafaela
62%
ATL SP Chris Sale
62%
TEX SS Corey Seager
62%
PHI SP Cristopher Sanchez
62%
SD RF Fernando Tatis Jr.
62%
ARI 2B Ketel Marte
62%
SF SP Logan Webb
62%
CIN LF Noelvi Marte
62%
PIT CF Oneil Cruz
62%
STL C Pedro Pages
62%
CLE LF Steven Kwan
62%
PHI SS Trea Turner
62%
LAD SP Yoshinobu Yamamoto
62%
LAD SP Blake Snell
61%
PIT 2B Brandon Lowe
61%
DET SP Framber Valdez
61%
LAA LF Josh Lowe
61%
TOR 2B Ernie Clement
60%
OAK SS Jacob Wilson
60%
DET SS Javier Baez
60%
TOR SP Kevin Gausman
60%
ATL CF Michael Harris II
60%
HOU 1B Christian Walker
59%
ARI RF Corbin Carroll
59%
STL SP Dustin May
59%
NYM SP Freddy Peralta
59%
TEX SP Jacob deGrom
59%
OAK SP Jacob Lopez
59%
STL RF Jordan Walker
59%
PHI C J.T. Realmuto
59%
NYM RF Juan Soto
59%
SEA SP Logan Gilbert
59%
SF 3B Matt Chapman
59%
MIA SS Otto Lopez
59%
PIT SP Paul Skenes
59%
ATL SP Reynaldo Lopez
59%
PHI SP Taijuan Walker
59%
LAD SP Tyler Glasnow
59%
PHI SP Zack Wheeler
59%
TOR SS Andres Gimenez
58%
MIL DH Christian Yelich
58%
CHC SS Dansby Swanson
58%
HOU SP Hunter Brown
58%
PHI DH Kyle Schwarber
58%
CHC CF Pete Crow-Armstrong
58%
HOU SS Jeremy Pena
57%
SEA SP Luis Castillo
57%
SEA LF Randy Arozarena
57%
CHC RF Seiya Suzuki
57%
BOS SP Sonny Gray
57%
KC 1B Vinnie Pasquantino
57%
SF SS Willy Adames
57%
CHW RF Brooks Baldwin
56%
ATL C Drake Baldwin
56%
WAS SP Josiah Gray
56%
OAK SP Luis Severino
56%
ATL SP Spencer Strider
56%
PHI 3B Alec Bohm
55%
BOS SP Brayan Bello
55%
MIL 2B Brice Turang
55%
ARI SS Geraldo Perdomo
55%
DET 2B Gleyber Torres
55%
MIN SP Joe Ryan
55%
SF 2B Luis Arraez
55%
TOR SP Trey Yesavage
55%
SD SS Xander Bogaerts
55%
ARI 3B Nolan Arenado
54%
OAK C Shea Langeliers
54%
TOR RF Addison Barger
53%
KC SP Cole Ragans
53%
TOR CF Daulton Varsho
53%
SD CF Jackson Merrill
53%
NYM 1B Jorge Polanco
53%
BOS 3B Marcelo Mayer
53%
OAK DH Brent Rooker
52%
HOU DH Carlos Correa
52%
WAS SS C.J. Abrams
52%
CLE SP Gavin Williams
52%
MIL LF Jackson Chourio
52%
SF CF Jung Hoo Lee
52%
MIA SP Max Meyer
52%
CHC 1B Michael Busch
52%
CHC 2B Nico Hoerner
52%
SF C Patrick Bailey
52%
LAA SS Zach Neto
52%
PHI LF Brandon Marsh
51%
MIN SS Brooks Lee
51%
BOS C Carlos Narvaez
51%
CHC C Carson Kelly
51%
TB SS Carson Williams
51%
TB RF Cedric Mullins
51%
CHW SS Colson Montgomery
51%
ATL SS Ha-Seong Kim
51%
OAK RF Lawrence Butler
51%
NYM CF Luis Robert Jr.
51%
ARI SP Merrill Kelly
51%
TEX SP Nathan Eovaldi
51%
MIA SP Sandy Alcantara
51%
BAL SP Trevor Rogers
51%
WAS SP Trevor Williams
51%
PHI SP Aaron Nola
50%
SEA 2B Brendan Donovan
50%
PHI 2B Bryson Stott
50%
TB 1B Jonathan Aranda
50%
LAD 2B Tommy Edman
50%
TEX RF Brandon Nimmo
49%
CHC LF Ian Happ
49%
LAA CF Jo Adell
49%
SEA SP Bryce Miller
48%
DET SP Casey Mize
48%
SEA SP George Kirby
48%
DET DH Kerry Carpenter
48%
SD SP Michael King
48%
CHW 1B Munetaka Murakami
48%
MIN 3B Royce Lewis
48%
KC SP Seth Lugo
48%
TEX LF Wyatt Langford
48%
ARI SP Zac Gallen
48%
COL C Hunter Goodman
47%
BAL 3B Jordan Westburg
47%
MIA LF Kyle Stowers
47%
TEX SP MacKenzie Gore
47%
BAL LF Taylor Ward
47%
OAK LF Tyler Soderstrom
47%
PIT RF Bryan Reynolds
46%
BAL CF Colton Cowser
46%
COL SS Ezequiel Tovar
46%
HOU 3B Isaac Paredes
46%
NYM 3B Mark Vientos
46%
LAD SP Roki Sasaki
46%
TOR SP Shane Bieber
46%
SD 2B Jake Cronenworth
45%
TOR SP Jose Berrios
45%
TOR 3B Kazuma Okamoto
45%
NYM SP Kodai Senga
45%
LAA C Logan O'Hoppe
45%
NYM SP Nolan McLean
45%
CHC SP Shota Imanaga
45%
ARI CF Alek Thomas
44%
NYM SP Clay Holmes
44%
DET C Dillon Dingler
44%
ARI C Gabriel Moreno
44%
ATL SP Grant Holmes
44%
NYY SP Ryan Weathers
44%
ATL DH Sean Murphy
43%
CLE SP Tanner Bibee
43%
BAL RF Tyler O'Neill
43%
MIA 2B Xavier Edwards
43%
KC 2B Jonathan India
42%
TEX 3B Josh Jung
42%
CIN 3B Ke'Bryan Hayes
42%
STL SS Masyn Winn
42%
CIN 2B Matt McLain
42%
PIT DH Ryan O'Hearn
42%
CHW LF Andrew Benintendi
41%
MIL SP Brandon Woodruff
41%
CHW CF Bryan Ramos
41%
SEA 3B Cole Young
41%
OAK CF Denzel Clarke
41%
CHC SP Edward Cabrera
41%
SF LF Heliot Ramos
41%
DET SP Jack Flaherty
41%
WAS CF Jacob Young
41%
OAK 2B Jeff McNeil
41%
PHI CF Johan Rojas
41%
COL SP Kyle Freeland
41%
CHC SP Matthew Boyd
41%
MIL RF Sal Frelick
41%
TB CF Chandler Simpson
40%
WAS C Keibert Ruiz
40%
BAL SP Shane Baz
40%
LAA SP Yusei Kikuchi
40%
COL CF Brenton Doyle
39%
NYM LF Brett Baty
39%
SF RF Harrison Bader
39%
TEX 1B Jake Burger
39%
CLE 2B Brayan Rocchio
38%
ARI 1B Carlos Santana
38%
CHW SP Davis Martin
38%
TEX CF Evan Carter
38%
MIL SS Joey Ortiz
38%
ARI LF Lourdes Gurriel Jr.
38%
KC SP Michael Wacha
38%
LAA 1B Nolan Schanuel
38%
DET CF Parker Meadows
38%
BAL DH Ryan Mountcastle
38%
STL 1B Alec Burleson
37%
CIN SP Andrew Abbott
37%
MIL 1B Andrew Vaughn
37%
PHI SP Jesus Luzardo
37%
SD SP Nick Pivetta
37%
SF SP Robbie Ray
37%
CIN C Tyler Stephenson
37%
DET 3B Zach McKinstry
37%
BAL SP Chris Bassitt
36%
SD C Freddy Fermin
36%
CLE 1B Kyle Manzardo
36%
CHW C Kyle Teel
36%
MIN C Ryan Jeffers
36%
BAL SP Zach Eflin
35%
CLE CF Angel Martinez
34%
TOR LF Davis Schneider
34%
MIL SP Jacob Misiorowski
34%
BAL SP Kyle Bradish
34%
PIT SP Mitch Keller
34%
CIN CF T.J. Friedl
34%
TB 2B Gavin Lux
33%
SD SP Joe Musgrove
33%
STL CF Victor Scott II
33%
TB SP Drew Rasmussen
32%
KC RF Jac Caglianone
32%
STL LF Lars Nootbaar
32%
BOS 2B Romy Gonzalez
32%
TB SP Ryan Pepiot
32%
CIN DH Spencer Steer
32%
HOU CF Jake Meyers
31%
TEX DH Joc Pederson
31%
PIT C Joey Bart
31%
LAA DH Jorge Soler
31%
WAS DH Dylan Crews
30%
CLE SS Gabriel Arias
30%
STL DH Ivan Herrera
30%
TEX SP Jack Leiter
30%
TEX C Kyle Higashioka
30%
KC CF Kyle Isbel
30%
CLE SP Logan Allen
30%
STL SP Matthew Liberatore
30%
STL 2B Nolan Gorman
30%
NYM SP Sean Manaea
30%
LAA 3B Yoan Moncada
30%
PIT SP Bubba Chandler
29%
MIL 3B Luis Rengifo
29%
CHW 3B Miguel Vargas
29%
HOU SP Cristian Javier
28%
SD DH Gavin Sheets
28%
SEA DH Luke Raley
28%
MIN SP Simeon Woods Richardson
28%
MIN SP Taj Bradley
28%
HOU SP Tatsuya Imai
28%
SEA RF Victor Robles
28%
ARI SP Brandon Pfaadt
27%
CHC SP Cade Horton
27%
CIN SP Chase Burns
27%
MIL CF Garrett Mitchell
27%
LAA SP Jose Soriano
27%
KC SP Kris Bubic
27%
HOU SP Lance McCullers Jr.
27%
CHW 2B Lenyn Sosa
27%
MIN LF Matt Wallner
27%
ATL LF Mike Yastrzemski
27%
CIN SP Nick Lodolo
27%
SD LF Ramon Laureano
27%
PIT 1B Spencer Horwitz
27%
WAS 3B Brady House
26%
LAA 2B Christian Moore
26%
BOS SP Connelly Early
26%
MIA 1B Connor Norby
26%
TEX SP Kumar Rocker
26%
CHC DH Matt Shaw
26%
PIT SS Jared Triolo
25%
LAA SP Reid Detmers
25%
COL 1B Willi Castro
25%
LAA SP Alek Manoah
24%
CIN SP Brady Singer
24%
KC C Carter Jensen
24%
MIA CF Jakob Marsee
24%
CHW SP Sean Burke
24%
MIN SP Bailey Ober
23%
CHC SP Jameson Taillon
23%
COL SP Jose Quintana
23%
MIN 2B Luke Keaschall
23%
TB C Nick Fortes
23%
CIN 1B Sal Stewart
23%
HOU SP Spencer Arrighetti
23%
MIA DH Christopher Morel
22%
CHW SP Jordan Hicks
22%
OAK SP Jeffrey Springs
21%
COL SP Michael Lorenzen
21%
COL DH Mickey Moniak
21%
MIN RF Trevor Larnach
21%
ATL SP Bryce Elder
20%
COL 2B Edouard Julien
20%
SD SP J.P. Sears
20%
CHW DH Edgar Quero
19%
WAS SP Jake Irvin
19%
COL LF Jake McCarthy
18%
COL RF Jordan Beck
18%
MIL SP Quinn Priester
18%
CHW SP Anthony Kay
17%
TB LF Jonny DeLuca
17%
KC SP Noah Cameron
17%
COL SP Antonio Senzatela
16%
MIL SP Brandon Sproat
16%
COL SP Chase Dollander
16%
WAS RF Daylen Lile
16%
KC LF Isaac Collins
16%
CIN RF J.J. Bleday
16%
SD SP Matt Waldron
16%
ARI SP Ryne Nelson
16%
CLE SP Slade Cecconi
16%
SF SP Tyler Mahle
16%
MIA SP Braxton Garrett
15%
SF 1B Bryce Eldridge
15%
SF SP Hayden Birdsong
15%
TB SP Steven Matz
14%
MIA RF Griffin Conine
13%
PIT LF Jake Mangum
13%
PIT SP Jose Urquidy
13%
STL SP Michael McGreevy
13%
WAS SP Mitchell Parker
13%
MIA SP Janson Junk
12%
MIA 3B Javier Sanoja
12%
MIN SP Mick Abel
12%
MIL SP Chad Patrick
11%
CLE RF George Valera
11%
CLE SP Joey Cantillo
11%
STL SP Andre Pallante
10%
PIT 3B Nick Yorke
10%
STL SP Hunter Dobbins
9%
MIN DH Kody Clemens
9%
STL 3B Thomas Saggese
9%
WAS 1B Andres Chaparro
8%
SD 1B Will Wagner
8%
OAK SP Joey Estes
7%
OAK SP Mitch Spence
7%
WAS SP D.J. Herz
6%
TB SP Garrett Cleavinger
6%
TB SP Joe Boyle
6%
COL 3B Kyle Karros
6%
SF SP Carson Whisenhunt
5%
PIT SP Thomas Harrington
2%
No matching quizzes found
Score Distribution
Percent of People with Each Score
Percentile by Number Answered
Your Score History
You have not taken this quiz since the last reset